| 000 | 00923nam a2200337Ia 4500 | ||
|---|---|---|---|
| 999 |
_c200425777 _d43700 |
||
| 001 | ocm62365011 | ||
| 003 | TR-AnTOB | ||
| 005 | 20190322123532.0 | ||
| 008 | 051129s2004 tu 000 0 tur d | ||
| 020 | _a975786109X | ||
| 040 |
_aTOQ _cTR-AnTOB _beng _erda |
||
| 041 | _atur | ||
| 049 | _aTOQA | ||
| 050 |
_aBP195.N7 _b.B356 2004 |
||
| 090 |
_aBP195.N7 _b.B356 2004 |
||
| 100 | 1 | _aBayrak, Mehmet. | |
| 245 | 1 | 0 |
_aOrtaçağ'dan modern çağa Alevilik / _cMehmet Bayrak. |
| 246 | 1 | 3 | _aAlevilik. |
| 264 |
_aİstanbul : _bÖz-ge Yayınevi, _c2004. |
||
| 300 |
_a541 pages ; _c24 cm. |
||
| 336 |
_2rdacontent _atext |
||
| 337 |
_2rdamedia _aunmediated |
||
| 338 |
_2rdacarrier _avolume |
||
| 590 | _6Donated by Professor Ahmet Yaşar Ocak. | ||
| 650 | 0 |
_aBektashi _zTurkey _xHistory. |
|
| 907 | _a.b12248952 | ||
| 942 |
_2lcc _cBK |
||
| 945 | _a.i13159343 | ||
| 949 | _a000100 | ||